<?xml version="1.0" encoding="UTF-8"?>
<record
    xmlns:xsi="http://www.w3.org/2001/XMLSchema-instance"
    xsi:schemaLocation="http://www.loc.gov/MARC21/slim http://www.loc.gov/standards/marcxml/schema/MARC21slim.xsd"
    xmlns="http://www.loc.gov/MARC21/slim">

  <leader>01647nam0a2200325 i 4500</leader>
  <controlfield tag="001">RU\NLR\bibl\1917027</controlfield>
  <controlfield tag="005">20260406052050.0</controlfield>
  <datafield tag="010" ind1=" " ind2=" ">
    <subfield code="a">9785936151170</subfield>
  </datafield>
  <datafield tag="021" ind1=" " ind2=" ">
    <subfield code="a">RU</subfield>
    <subfield code="b">2012-40326</subfield>
    <subfield code="9">2976</subfield>
  </datafield>
  <datafield tag="035" ind1=" " ind2=" ">
    <subfield code="a">(NLR Aleph) 001906515</subfield>
  </datafield>
  <datafield tag="090" ind1=" " ind2=" ">
    <subfield code="a">3118149</subfield>
    <subfield code="c">3118149</subfield>
  </datafield>
  <datafield tag="100" ind1=" " ind2=" ">
    <subfield code="a">20120622d2012    u  y0rusy50      ca</subfield>
  </datafield>
  <datafield tag="101" ind1="1" ind2=" ">
    <subfield code="a">rus</subfield>
    <subfield code="c">grc</subfield>
  </datafield>
  <datafield tag="102" ind1=" " ind2=" ">
    <subfield code="a">RU</subfield>
  </datafield>
  <datafield tag="105" ind1=" " ind2=" ">
    <subfield code="a">y   |||||||||</subfield>
  </datafield>
  <datafield tag="200" ind1="1" ind2=" ">
    <subfield code="a">&#x42D;&#x43D;&#x445;&#x438;&#x440;&#x438;&#x434;&#x438;&#x43E;&#x43D;</subfield>
    <subfield code="e">&#x43A;&#x440;&#x430;&#x442;&#x43A;&#x43E;&#x435; &#x440;&#x443;&#x43A;&#x43E;&#x432;&#x43E;&#x434;&#x441;&#x442;&#x432;&#x43E; &#x43A; &#x43D;&#x440;&#x430;&#x432;&#x441;&#x442;&#x432;&#x435;&#x43D;&#x43D;&#x43E;&#x439; &#x436;&#x438;&#x437;&#x43D;&#x438;</subfield>
    <subfield code="f">&#x42D;&#x43F;&#x438;&#x43A;&#x442;&#x435;&#x442;</subfield>
  </datafield>
  <datafield tag="210" ind1=" " ind2=" ">
    <subfield code="a">&#x421;&#x430;&#x43D;&#x43A;&#x442;-&#x41F;&#x435;&#x442;&#x435;&#x440;&#x431;&#x443;&#x440;&#x433;</subfield>
    <subfield code="c">&#x412;&#x43B;&#x430;&#x434;&#x438;&#x43C;&#x438;&#x440; &#x414;&#x430;&#x43B;&#x44C;</subfield>
    <subfield code="d">2012</subfield>
  </datafield>
  <datafield tag="215" ind1=" " ind2=" ">
    <subfield code="a">398, [1] c.</subfield>
    <subfield code="d">17</subfield>
  </datafield>
  <datafield tag="300" ind1=" " ind2=" ">
    <subfield code="a">&#x41F;&#x430;&#x440;&#x430;&#x43B;. &#x442;&#x438;&#x442;. &#x43B;. &#x43D;&#x430; &#x433;&#x440;&#x435;&#x447;. &#x44F;&#x437;.</subfield>
  </datafield>
  <datafield tag="423" ind1=" " ind2="0">
    <subfield code="1">2001#$a&#x41A;&#x43E;&#x43C;&#x43C;&#x435;&#x43D;&#x442;&#x430;&#x440;&#x438;&#x439; &#x43D;&#x430; "&#x42D;&#x43D;&#x445;&#x438;&#x440;&#x438;&#x434;&#x438;&#x43E;&#x43D;" &#x42D;&#x43F;&#x438;&#x43A;&#x442;&#x435;&#x442;&#x430;$f&#x421;&#x438;&#x43C;&#x43F;&#x43B;&#x438;&#x43A;&#x438;&#x439;$g[&#x43A; &#x441;&#x431;. &#x432; &#x446;&#x435;&#x43B;&#x43E;&#x43C;:] &#x43F;&#x435;&#x440;. &#x441; &#x433;&#x440;&#x435;&#x447;. &#x410;.&#x42F;. &#x422;&#x44B;&#x436;&#x43E;&#x432;</subfield>
    <subfield code="1">210##$a&#x421;&#x430;&#x43D;&#x43A;&#x442;-&#x41F;&#x435;&#x442;&#x435;&#x440;&#x431;&#x443;&#x440;&#x433;$c&#x412;&#x43B;&#x430;&#x434;&#x438;&#x43C;&#x438;&#x440; &#x414;&#x430;&#x43B;&#x44C;$d2012</subfield>
    <subfield code="1">215##$a&#x421;. 85-398</subfield>
    <subfield code="1">700#1$3RU\NLR\auth\77114137$a&#x421;&#x438;&#x43C;&#x43F;&#x43B;&#x438;&#x43A;&#x438;&#x439;$f&#x43E;&#x43A;.490-560$4070</subfield>
    <subfield code="t">&#x41A;&#x43E;&#x43C;&#x43C;&#x435;&#x43D;&#x442;&#x430;&#x440;&#x438;&#x439; &#x43D;&#x430; "&#x42D;&#x43D;&#x445;&#x438;&#x440;&#x438;&#x434;&#x438;&#x43E;&#x43D;" &#x42D;&#x43F;&#x438;&#x43A;&#x442;&#x435;&#x442;&#x430;</subfield>
    <subfield code="a">&#x421;&#x438;&#x43C;&#x43F;&#x43B;&#x438;&#x43A;&#x438;&#x439; (&#x43E;&#x43A;.490-560)</subfield>
  </datafield>
  <datafield tag="600" ind1=" " ind2="0">
    <subfield code="a">&#x42D;&#x43F;&#x438;&#x43A;&#x442;&#x435;&#x442;</subfield>
    <subfield code="f">&#x43E;&#x43A;.50 - 138 &#x434;&#x43E; &#x43D;.&#x44D;.</subfield>
    <subfield code="9">1697749</subfield>
    <subfield code="3">RU\NLR\auth\661053619</subfield>
  </datafield>
  <datafield tag="606" ind1=" " ind2=" ">
    <subfield code="a">&#x421;&#x442;&#x43E;&#x438;&#x446;&#x438;&#x437;&#x43C;</subfield>
    <subfield code="y">&#x420;&#x438;&#x43C; &#x414;&#x440;&#x435;&#x432;&#x43D;&#x438;&#x439;</subfield>
    <subfield code="9">2177346</subfield>
    <subfield code="3">RU\NLR\auth\661309527</subfield>
  </datafield>
  <datafield tag="686" ind1=" " ind2=" ">
    <subfield code="a">&#x42E;3(0)323-231.3</subfield>
  </datafield>
  <datafield tag="700" ind1=" " ind2="0">
    <subfield code="4">070</subfield>
    <subfield code="8">rus</subfield>
    <subfield code="7">ca</subfield>
    <subfield code="a">&#x42D;&#x43F;&#x438;&#x43A;&#x442;&#x435;&#x442;</subfield>
    <subfield code="c">&#x444;&#x438;&#x43B;&#x43E;&#x441;&#x43E;&#x444;</subfield>
    <subfield code="f">&#x43E;&#x43A;.50-&#x43E;&#x43A;.138</subfield>
    <subfield code="3">RU\NLR\AUTH\777161</subfield>
    <subfield code="9">117100</subfield>
  </datafield>
  <datafield tag="702" ind1=" " ind2="1">
    <subfield code="a">&#x422;&#x44B;&#x436;&#x43E;&#x432;</subfield>
    <subfield code="b">&#x410;. &#x42F;.</subfield>
    <subfield code="g">&#x410;&#x43D;&#x434;&#x440;&#x435;&#x439; &#x42F;&#x43A;&#x43E;&#x432;&#x43B;&#x435;&#x432;&#x438;&#x447;</subfield>
    <subfield code="4">730</subfield>
  </datafield>
  <datafield tag="801" ind1=" " ind2="0">
    <subfield code="a">RU</subfield>
    <subfield code="b">NLR</subfield>
    <subfield code="c">20120622</subfield>
    <subfield code="g">RCR</subfield>
  </datafield>
  <datafield tag="801" ind1=" " ind2="1">
    <subfield code="a">RU</subfield>
    <subfield code="b">NLR</subfield>
    <subfield code="c">20120622</subfield>
  </datafield>
  <datafield tag="942" ind1=" " ind2=" ">
    <subfield code="c">BOOK</subfield>
  </datafield>
  <datafield tag="980" ind1=" " ind2=" ">
    <subfield code="a">NBR</subfield>
  </datafield>
</record>
